BIBLIOTHÈQUE DE LA MAISON DU MEXIQUE

Logo 1 Logo 2

Les barcelonnettes (notice nᵒ 10277)

détails MARC
000 -Sello discográfico
campo de control de longitud fija 00993nam a2200325 4500
005 - Identificación de versión
campo de control 20251016084532.0
010 ## - Número Estándar Internacional de Libros (ISBN)
Número (ISBN) 9782709603966
035 ## - Otros números de control del sistema
Número de control del sistema 16163
099 ## - fechas locales
Tipo de ítem Koha LIBRO
100 ## - Datos de procesamiento general
Datos de procesamiento general 20031222d1985 m y1spay5003 ba
101 ## - Idioma del recurso
Idioma del texto, banda sonora, etc. Francés
105 ## - Campo de datos codificados: Material textual, monográfico
Datos codificados de monografía y 001ay
200 1# - Título y mención de responsabilidad
Título propio Les barcelonnettes
Designación general del material texto impreso
Otra información del título roman
Primer mención de responsabilidad Alain Dugrand, Anne Vallaeys
210 ## - Publicación, distribución, etc.
Lugar de publicación, distribución, etc. Paris
Nombre del editor, distribuidor, etc. Editions Jean-Claude Lattès
Fecha de publicación, distribución, etc. 1985
215 ## - Descripción física
Designación de material específico y extensión del ítem 2 v
Dimensiones 23 cm
300 ## - Notas generales
Texto de la nota La biblioteca cuenta únicamente con el v.2 de esta edición
327 ## - Nota de contenidos
Texto de la nota v.1: Les jardins de l'Alameda -- v.2: Terres chaudes
345 ## - Nota de información de adquisición
Fuente de adquisición/dirección de la suscripción [OBSOLETO] Donación
607 ## - Nombre geográfico utilizado como tema
Elemento de entrada México
Subdivisión temática Historia
Subdivisión cronológica 1821-1861
Subdivisión temática Novelas
Número Koha 10812
660 ## - Código de área geográfica
Código MX
700 ## - Nombre personal - Responsabilidad primaria
Elemento de entrada Dugrand
Parte del nombre distinta del elemento de entrada Alain
Fechas 1946-
Número Koha 11228
701 ## - Nombre personal - Responsabilidad alternativa
Elemento de entrada Vallaeys
Parte del nombre distinta del elemento de entrada Anne
Fechas 1951-
Número Koha 11229
801 #0 - Fuente de origen
Agencia cm
900 ## -
-- 1/5637
900 ## -
-- 7100317399\221203
942 ## - ELEMENTOS DE ENTRADA SECUNDARIOS (KOHA)
Tipo de ítem Koha Livre
996 ## -
-- MEX
-- 751145101
-- MMAG
-- 010914
-- 843.91 D867BA V.2
-- 20240813LIV
Exemplaires
Estatus retirado Estado de daño Estado de pérdida Fecha de adquisición Biblioteca de origen Biblioteca actual Ubicación en estantería Código de barras Precio de reemplazo Signatura topográfica completa No para préstamo Tipo de ítem Koha Nota pública Nota no pública
      05/08/2025 Casa México Paris Casa México Paris   010914 05/08/2025 843.91 D867BA V.2   Livre 20240813LIV 751145101